00506nam a22001697a 4500008004100000040001800041041000800059100003000067245005900097250001100156260005500167300001800222600001500240600002900255650001700284650003500301130821s1944 it gr dfre  aCo-BoUCMbspa00afre aAvancinus, Nicolaus, S.J.00aVita et Doctrina D.N. Jesu ChristicNicolaus Avancinus a14.ed. aTurín (Italia)bDomus Editorialis Mariettic1944 a482 páginas aJesucristo aJesucristovBiografías04aBiografías04aLiteratura cristiana primitiva